| 000 | 00506nam a22001697a 4500 | ||
|---|---|---|---|
| 003 | NUST | ||
| 005 | 20240312094100.0 | ||
| 008 | 240312b ||||| |||| 00| 0 eng d | ||
| 020 | _a9781864708554 | ||
| 038 | _aMalang Jan | ||
| 082 |
_a724.6 _bDAV |
||
| 100 | 1 |
_aDavis,Paul Michael _9122095 |
|
| 245 | 1 | 0 |
_aCritical Skills for Solving Design Problems: _bUseful Tips from Architects in Practice / _cby Paul Michael Davis |
| 260 |
_bImages Publishing; _c2021. |
||
| 300 |
_a259p.: _bill; |
||
| 942 |
_2ddc _cBK |
||
| 999 |
_c608663 _d608663 |
||